[Event "Irkutsk Region-ch"]
[Site "Irkutsk"]
[Date "2017.10.26"]
[Round "7"]
[White "Ergeshov, Timur"]
[Black "Mjakonkikh, Dmitry"]
[Result "1-0"]
[WhiteElo "2343"]
[BlackElo "2215"]
[PlyCount "93"]
[EventDate "2017.10.21"]
[EventType "swiss"]
[EventRounds "9"]
[EventCountry "RUS"]
[SourceTitle "CBM 181 Extra"]
[Source "ChessBase"]
[SourceDate "2017.12.12"]
[SourceVersion "1"]
[SourceVersionDate "2017.12.12"]
[SourceQuality "1"]

1. d4 d5 2. c4 c6 3. cxd5 cxd5 4. Bg5 Nc6 5. Nc3 Qb6 6. e4 e6 7. exd5 exd5 8. Bb5 Bb4 9. Qa4 Bd7 10. Nge2 f6 11. Be3 Nge7 12. 0-0 0-0 13. Nf4 Bxc3 14. bxc3 Rad8 15. Rab1 Qc7 16. Rfe1 Bf5 17. Bd3 Qc8 18. Bxf5 Nxf5 19. Qb5 Nfe7 20. Qxb7 Qxb7 21. Rxb7 Rb8 22. Reb1 Rxb7 23. Rxb7 Rb8 24. Rxb8+ Nxb8 25. Kf1 Nd7 26. Bc1 g5 27. Ba3 gxf4 28. Bxe7 Kf7 29. Bc5 a6 30. Ke2 Ke6 31. Kf3 Kf5 32. Bd6 Nb6 33. Bxf4 h5 34. Bc1 Nc4 35. Kg3 Nd6 36. f3 Nb5 37. Bd2 Nd6 38. h3 a5 39. Kh4 Kg6 40. g4 hxg4 41. Kxg4 a4 42. h4 Nb5 43. h5+ Kf7 44. h6 Kg6 45. h7 Kxh7 46. Kf5 Kg7 47. Ke6 1-0

[Event "Irkutsk Region-ch"]
[Site "Irkutsk"]
[Date "2017.10.23"]
[Round "5"]
[White "Obolenskikh, Dmitry Aleksandrovi"]
[Black "Mjakonkikh, Dmitry"]
[Result "1-0"]
[WhiteElo "2539"]
[BlackElo "2215"]
[PlyCount "115"]
[EventDate "2017.10.21"]
[EventType "swiss"]
[EventRounds "9"]
[EventCountry "RUS"]
[SourceTitle "CBM 181 Extra"]
[Source "ChessBase"]
[SourceDate "2017.12.12"]
[SourceVersion "1"]
[SourceVersionDate "2017.12.12"]
[SourceQuality "1"]

1. e4 c5 2. Nf3 d6 3. d4 cxd4 4. Nxd4 Nf6 5. Nc3 a6 6. Nb3 e6 7. g4 Nc6 8. g5 Nd7 9. Be3 b5 10. Bg2 Bb7 11. Qe2 Be7 12. f4 Qc7 13. 0-0-0 b4 14. Na4 Na5 15. Nxa5 Qxa5 16. b3 Qb5 17. Qf2 Rc8 18. Kb1 Nc5 19. Bxc5 dxc5 20. Nb2 0-0 21. h4 Rfd8 22. f5 Rxd1+ 23. Rxd1 Rd8 24. Rf1 exf5 25. exf5 Bxg2 26. Qxg2 Qd7 27. Nd3 Qd5 28. Qg4 Bf8 29. h5 Re8 30. f6 Re4 31. Qc8 Qxg5 32. fxg7 Kxg7 33. h6+ Kg8 34. Qxa6 Re6 35. Qa8 Rxh6 36. Qf3 Qg7 37. Ne5 Rg6 38. Nxg6 hxg6 39. a4 bxa3 40. c3 Bd6 41. Ka2 Qf8 42. Kxa3 Qe7 43. Qa8+ Kg7 44. Rh1 Qf8 45. Qd5 Qe7 46. Qd2 Be5 47. Qh6+ Kg8 48. Qh7+ Kf8 49. Qh3 Qa7+ 50. Kb2 Qb7 51. Re1 Bf6 52. Qh6+ Bg7 53. Qe3 Qc6 54. Qe7+ Kg8 55. Qd8+ Kh7 56. Re2 Qf3 57. Rh2+ Bh6 58. Qd2 1-0

[Event "Irkutsk Region-ch"]
[Site "Irkutsk"]
[Date "2017.10.21"]
[Round "1"]
[White "Domarovsky, Vasily"]
[Black "Mjakonkikh, Dmitry"]
[Result "1/2-1/2"]
[WhiteElo "1954"]
[BlackElo "2215"]
[PlyCount "177"]
[EventDate "2017.10.21"]
[EventType "swiss"]
[EventRounds "9"]
[EventCountry "RUS"]
[SourceTitle "CBM 181 Extra"]
[Source "ChessBase"]
[SourceDate "2017.12.12"]
[SourceVersion "1"]
[SourceVersionDate "2017.12.12"]
[SourceQuality "1"]

1. d4 d5 2. c4 c6 3. Nf3 Nf6 4. e3 e6 5. Nc3 Nbd7 6. Bd3 dxc4 7. Bxc4 b5 8. Bd3 Bd6 9. 0-0 0-0 10. Ne4 Nxe4 11. Bxe4 Bb7 12. Qc2 h6 13. Bd2 Qe7 14. Rac1 Rac8 15. Ne1 Nf6 16. Bf3 c5 17. dxc5 Rxc5 18. Qd1 Rxc1 19. Qxc1 Rc8 20. Qd1 Ne4 21. g3 Rd8 22. Bxe4 Bxe4 23. Qe2 Qb7 24. f3 Bd5 25. b3 Qa6 26. Bc3 Bb7 27. Qb2 Bf8 28. Ng2 f6 29. b4 e5 30. e4 Qb6+ 31. Qf2 Rd3 32. Qxb6 axb6 33. Be1 Bc8 34. g4 Be6 35. Rf2 Rd1 36. Rd2 Rb1 37. Rd8 Kf7 38. Kf2 Bxb4 39. Bxb4 Rxb4 40. Rb8 Rb2+ 41. Kg3 Bxa2 42. Rxb6 Be6 43. Ne3 b4 44. Nd5 Bxd5 45. exd5 Rd2 46. Rxb4 Rxd5 47. h4 Rd7 48. h5 g6 49. hxg6+ Kxg6 50. Rb8 Rd3 51. Kf2 Ra3 52. Rg8+ Kf7 53. Rh8 Kg7 54. Re8 Kg6 55. Rg8+ Kf7 56. Rh8 Kg7 57. Re8 Ra7 58. Kg3 Kg6 59. Rc8 Rb7 60. Rd8 h5 61. Rg8+ Kh7 62. Re8 hxg4 63. Kxg4 Rb4+ 64. Kg3 Kg6 65. Rh8 Kg5 66. Rh7 Rb3 67. Kf2 Ra3 68. Rh8 f5 69. Rh7 Ra2+ 70. Kf1 Kf4 71. Rh5 Rb2 72. Kg1 Rb3 73. Kg2 Rb8 74. Kf2 Rb2+ 75. Kg1 Ra2 76. Kf1 Rc2 77. Kg1 Rb2 78. Kf1 Ra2 79. Kg1 e4 80. fxe4 Kxe4 81. Rh3 f4 82. Rb3 Re2 83. Kf1 Re3 84. Rb2 Kf3 85. Rf2+ Kg4 86. Rb2 Kg3 87. Rg2+ Kf3 88. Rf2+ Ke4 89. Rb2 1/2-1/2

[Event "Angarsk-ch"]
[Site "Angarsk"]
[Date "2017.02.24"]
[Round "5"]
[White "Mjakonkikh, Dmitry"]
[Black "Melkheev, Sergey"]
[Result "1-0"]
[WhiteElo "2210"]
[BlackElo "1604"]
[PlyCount "107"]
[EventDate "2017.02.20"]
[EventType "swiss"]
[EventRounds "11"]
[EventCountry "RUS"]
[SourceTitle "CBM 177 Extra"]
[Source "ChessBase"]
[SourceDate "2017.04.27"]
[SourceVersion "1"]
[SourceVersionDate "2017.04.27"]
[SourceQuality "1"]

1. d4 d5 2. Nf3 Nf6 3. c4 c6 4. Nc3 e6 5. Bg5 Be7 6. e3 Nbd7 7. Qc2 b6 8. cxd5 exd5 9. Bd3 0-0 10. 0-0 h6 11. Bh4 Nh5 12. Bxe7 Qxe7 13. Rab1 Bb7 14. b4 Rac8 15. a4 a6 16. a5 Nhf6 17. axb6 Nxb6 18. Ne5 Nfd7 19. Na4 Nxa4 20. Nxd7 Qxd7 21. Bf5 Qc7 22. Bxc8 Rxc8 23. Qxa4 Qd6 24. Qa5 f5 25. Qc5 Qf6 26. f3 Re8 27. Rbe1 Qg5 28. e4 Qd2 29. e5 Re6 30. Rd1 Qe3+ 31. Rf2 h5 32. Qc1 Qb3 33. Qb1 Qa4 34. Ra2 Qb5 35. Ra5 Qe2 36. Qd3 Qxd3 37. Rxd3 Re7 38. f4 g6 39. Kf2 Kf7 40. Ke3 Ke6 41. Kd2 Kd7 42. Rg3 Re6 43. Raa3 Ke7 44. Kc2 Kd7 45. Rg5 Ke7 46. Kb3 Bc8 47. Ka4 Bd7 48. Ka5 Bc8 49. Rag3 Kf7 50. Rc3 Bd7 51. Rgg3 Bc8 52. Rc5 Ke7 53. Rgc3 Kd8 54. Rxc6 1-0

[Event "Angarsk Cup"]
[Site "Angarsk"]
[Date "2016.03.20"]
[Round "7"]
[White "Medvid, Alexey"]
[Black "Mjakonkikh, Dmitry"]
[Result "0-1"]
[WhiteElo "1970"]
[BlackElo "2236"]
[PlyCount "95"]
[EventDate "2016.02.28"]
[EventType "tourn"]
[EventRounds "9"]
[EventCountry "RUS"]
[SourceTitle "EXT 2018"]
[Source "ChessBase"]
[SourceDate "2017.10.13"]
[SourceVersion "1"]
[SourceVersionDate "2017.10.13"]
[SourceQuality "1"]

1. d4 d6 2. Nf3 Bg4 3. c4 Bxf3 4. exf3 c6 5. Nc3 g6 6. g3 Bg7 7. Rb1 Nd7 8. Bh3 Ngf6 9. f4 e6 10. 0-0 d5 11. b3 0-0 12. Bg2 Qc7 13. Qe2 Rfd8 14. Rd1 a6 15. Bb2 Rac8 16. Rbc1 Qb8 17. h3 dxc4 18. bxc4 b5 19. c5 Re8 20. Rb1 Qc7 21. Bc1 Nd5 22. Qd3 Nxc3 23. Qxc3 Nf6 24. Qc2 Qd7 25. Rd3 Nd5 26. Bd2 Qc7 27. Bxd5 exd5 28. f5 gxf5 29. Bf4 Qd7 30. h4 Re4 31. Rbd1 Rce8 32. Kg2 Qe6 33. R1d2 Qg6 34. Bd6 f4 35. Qd1 Re1 36. h5 Qe4+ 37. Qf3 fxg3 38. Bxg3 a5 39. Qxe4 R8xe4 40. a4 b4 41. Bc7 Ra1 42. Bxa5 Rxa4 43. Bc7 Ra3 44. Rxa3 bxa3 45. Be5 Bxe5 46. dxe5 Rxe5 47. Ra2 Rxh5 48. Rxa3 0-1

[Event "Angarsk Cup"]
[Site "Angarsk"]
[Date "2016.03.10"]
[Round "4"]
[White "Mjakonkikh, Dmitry"]
[Black "Fellenger, Alexander"]
[Result "1/2-1/2"]
[WhiteElo "2236"]
[BlackElo "2131"]
[PlyCount "34"]
[EventDate "2016.02.28"]
[EventType "tourn"]
[EventRounds "9"]
[EventCountry "RUS"]
[SourceTitle "EXT 2018"]
[Source "ChessBase"]
[SourceDate "2017.10.13"]
[SourceVersion "1"]
[SourceVersionDate "2017.10.13"]
[SourceQuality "1"]

1. d4 d5 2. c4 e6 3. Nf3 f5 4. g3 c6 5. Bg2 Nf6 6. 0-0 Be7 7. Qc2 0-0 8. Nbd2 Ne4 9. Ne5 Nxd2 10. Bxd2 Nd7 11. Nd3 Kh8 12. Bf4 dxc4 13. Ne5 Nb6 14. Rfd1 Bd7 15. Nxc4 Be8 16. Bf3 Nxc4 17. Qxc4 Bf7 1/2-1/2

[Event "Angarsk Golden Autumn"]
[Site "Angarsk"]
[Date "2015.10.24"]
[Round "6"]
[White "Mjakonkikh, Dmitry"]
[Black "Khramkov, Yury"]
[Result "1-0"]
[WhiteElo "2211"]
[BlackElo "2047"]
[PlyCount "79"]
[EventDate "2015.10.19"]
[EventType "tourn"]
[EventRounds "13"]
[EventCountry "RUS"]
[SourceTitle "EXT 2018"]
[Source "ChessBase"]
[SourceDate "2017.10.13"]
[SourceVersion "1"]
[SourceVersionDate "2017.10.13"]
[SourceQuality "1"]

1. d4 d5 2. Nf3 Nf6 3. c4 c6 4. Qc2 g6 5. Bf4 Bg7 6. e3 0-0 7. Nc3 Bf5 8. Qb3 b6 9. Rc1 e6 10. Be2 Ne4 11. h3 g5 12. Be5 f6 13. Bh2 Bg6 14. cxd5 exd5 15. Nxe4 Bxe4 16. 0-0 Qd7 17. Nd2 Bg6 18. e4 Kh8 19. exd5 Bf7 20. Bf3 Bxd5 21. Bxd5 Qxd5 22. Qxd5 cxd5 23. Rfe1 Na6 24. a3 Rfe8 25. b4 Rac8 26. Rxe8+ Rxe8 27. b5 Nb8 28. Rc7 Rd8 29. Rxa7 Nd7 30. Nf3 h6 31. a4 f5 32. Bc7 Re8 33. Kf1 g4 34. hxg4 fxg4 35. Ne5 Nxe5 36. Bxe5 Bxe5 37. dxe5 Rxe5 38. a5 d4 39. axb6 Rxb5 40. b7 1-0

[Event "Angarsk Golden Autumn"]
[Site "Angarsk"]
[Date "2015.10.23"]
[Round "5"]
[White "Medvid, Alexey"]
[Black "Mjakonkikh, Dmitry"]
[Result "0-1"]
[WhiteElo "2118"]
[BlackElo "2211"]
[PlyCount "82"]
[EventDate "2015.10.19"]
[EventType "tourn"]
[EventRounds "13"]
[EventCountry "RUS"]
[SourceTitle "EXT 2018"]
[Source "ChessBase"]
[SourceDate "2017.10.13"]
[SourceVersion "1"]
[SourceVersionDate "2017.10.13"]
[SourceQuality "1"]

1. d4 d5 2. c4 c6 3. Nf3 Nf6 4. Nc3 e6 5. g3 Nbd7 6. Bg2 dxc4 7. e4 b5 8. e5 Nd5 9. Ng5 h6 10. Nxe6 fxe6 11. Qh5+ Ke7 12. Bg5+ hxg5 13. Qxh8 Qa5 14. 0-0 Nxc3 15. bxc3 Bb7 16. a4 Qc7 17. Qh5 Nb6 18. Qxg5+ Kd7 19. a5 Nd5 20. Bxd5 cxd5 21. f4 Re8 22. f5 exf5 23. Rxf5 Be7 24. Qxg7 Kd8 25. Rf7 Bc8 26. Qh7 Be6 27. Rg7 b4 28. cxb4 c3 29. Qd3 Qc4 30. Qe3 c2 31. Rc1 Rf8 32. g4 a6 33. b5 Qxb5 34. Qc3 Qc4 35. Qxc4 dxc4 36. Rxc2 Bd5 37. h3 Rf3 38. Kh2 c3 39. Rg6 Be4 40. Rxc3 Rxc3 41. Rxa6 Bh4 0-1

[Event "Angarsk op"]
[Site "Angarsk"]
[Date "2011.10.23"]
[Round "1"]
[White "Demin, Petr"]
[Black "Mjakonkikh, Dmitry"]
[Result "1/2-1/2"]
[WhiteElo "1922"]
[BlackElo "2212"]
[PlyCount "35"]
[EventDate "2011.10.23"]
[EventType "swiss"]
[EventRounds "9"]
[EventCountry "RUS"]
[SourceTitle "EXT 2012"]
[Source "ChessBase"]
[SourceDate "2011.11.24"]
[SourceVersion "1"]
[SourceVersionDate "2011.11.24"]
[SourceQuality "1"]

1. e4 Nf6 2. Nc3 d5 3. exd5 Nxd5 4. Bc4 e6 5. Nge2 Be7 6. d4 0-0 7. 0-0 Nxc3 8. Nxc3 Nd7 9. Bf4 a6 10. Qe2 b5 11. Bb3 Bb7 12. Rad1 Bd6 13. Qe3 Nb6 14. Ne4 Nd5 15. Bxd5 Bxf4 16. Qxf4 Bxd5 17. Nc5 h6 18. Rfe1 1/2-1/2

[Event "Sibiria Region-ch"]
[Site "Irkutsk"]
[Date "2009.05.14"]
[Round "7"]
[White "Mjakonkikh, Dmitry"]
[Black "Pavlov, Oleg Yuryevich"]
[Result "1/2-1/2"]
[WhiteElo "2147"]
[BlackElo "2328"]
[PlyCount "89"]
[EventDate "2009.05.10"]
[EventType "swiss"]
[EventRounds "9"]
[EventCountry "RUS"]
[SourceTitle "CBM 130 Extra"]
[Source "ChessBase"]
[SourceDate "2009.07.02"]
[SourceVersion "2"]
[SourceVersionDate "2009.07.15"]
[SourceQuality "1"]

1. d4 Nf6 2. c4 e6 3. Nc3 Bb4 4. Qc2 0-0 5. a3 Bxc3+ 6. Qxc3 b6 7. Bg5 Bb7 8. e3 d6 9. f3 Nbd7 10. Bd3 c5 11. Ne2 Rc8 12. Qd2 cxd4 13. exd4 d5 14. cxd5 Bxd5 15. 0-0 Bc4 16. Rfd1 b5 17. Rac1 Qb6 18. Bc2 Nd5 19. Nf4 Nxf4 20. Bxf4 Rfd8 21. Qf2 Nf8 22. Be3 Bd5 23. Bb1 a6 24. Rxc8 Rxc8 25. Rc1 Rxc1+ 26. Bxc1 Qc6 27. Qc2 Qxc2 28. Bxc2 Nd7 29. Kf2 Nb6 30. Bd3 f5 31. Bd2 Kf7 32. Ba5 Na4 33. Bc3 Bb3 34. Ke3 g5 35. Kd2 h6 36. g3 Bd5 37. Ke3 Bb3 38. f4 g4 39. Bf1 Bd5 40. h3 h5 41. h4 Be4 42. Kd2 Bd5 43. Kc2 Bc4 44. Bg2 Bd5 45. Bxd5 1/2-1/2

[Event "Irkutsk-ch Rating sf"]
[Site "Irkutsk"]
[Date "2008.05.06"]
[Round "1"]
[White "Mjakonkikh, Dmitry"]
[Black "Shigorov, Vitaly"]
[Result "1-0"]
[WhiteElo "2177"]
[BlackElo "1893"]
[PlyCount "71"]
[EventDate "2008.05.06"]
[EventType "tourn"]
[EventRounds "15"]
[EventCountry "RUS"]
[SourceTitle "EXT 2022"]
[Source "ChessBase"]
[SourceDate "2021.10.06"]
[SourceVersion "1"]
[SourceVersionDate "2021.10.06"]
[SourceQuality "1"]

1. d4 Nf6 2. c4 g6 3. Nc3 Bg7 4. e4 0-0 5. Nf3 d6 6. Be2 Nbd7 7. 0-0 e5 8. Re1 a6 9. h3 c5 10. dxc5 dxc5 11. Qc2 b6 12. Bg5 Qc7 13. Nd5 Nxd5 14. cxd5 Qd6 15. Nd2 b5 16. a4 Rb8 17. Be3 f5 18. f3 c4 19. axb5 axb5 20. b3 cxb3 21. Nxb3 Bb7 22. Rec1 Rfc8 23. Qd2 Rxc1+ 24. Rxc1 f4 25. Bf2 Bf8 26. Qa5 Qa3 27. Qxa3 Bxa3 28. Rc7 Nf8 29. Ba7 Bxd5 30. exd5 Rd8 31. Bxb5 Kh8 32. Bc6 Bd6 33. Rb7 g5 34. Bc5 h5 35. Bxd6 Rxd6 36. Nd2 1-0